[Event "RSA-ch U08"]
[Site "Bloemfontein"]
[Date "2016.03.22"]
[Round "4"]
[White "Bruwer, Otto"]
[Black "Sopanam Prabha, Arjun"]
[Result "0-1"]
[WhiteElo "745"]
[BlackElo "824"]
[PlyCount "36"]
[EventDate "2016.03.20"]
[EventType "swiss"]
[EventRounds "11"]
[EventCountry "RSA"]
[SourceTitle "CBM 171 Extra"]
[Source "ChessBase"]
[SourceDate "2016.04.26"]
[SourceVersion "1"]
[SourceVersionDate "2016.04.26"]
[SourceQuality "1"]

1. e4 e5 2. Nf3 Nc6 3. Bc4 Nf6 4. d3 Bb4+ 5. Bd2 0-0 6. 0-0 Bxd2 7. Qxd2 d6 8. Nc3 Ne8 9. Ng5 g6 10. Nxf7 Qh4 11. Nxd6+ Kh8 12. Nxc8 Rxc8 13. g3 Qh3 14. Nd5 Nf6 15. Rab1 Ng4 16. Rfe1 Qxh2+ 17. Kf1 Rxf2+ 18. Qxf2 Qxf2# 0-1

[Event "RSA-ch U08"]
[Site "Bloemfontein"]
[Date "2016.03.20"]
[Round "1"]
[White "Baruch, Liam"]
[Black "Bruwer, Otto"]
[Result "1-0"]
[WhiteElo "1009"]
[BlackElo "745"]
[PlyCount "47"]
[EventDate "2016.03.20"]
[EventType "swiss"]
[EventRounds "11"]
[EventCountry "RSA"]
[SourceTitle "CBM 171 Extra"]
[Source "ChessBase"]
[SourceDate "2016.04.26"]
[SourceVersion "1"]
[SourceVersionDate "2016.04.26"]
[SourceQuality "1"]

1. e4 e5 2. Nf3 Nc6 3. Bc4 Bc5 4. c3 Nf6 5. d4 exd4 6. e5 Ne4 7. Qe2 d5 8. exd6 Qxd6 9. Qxe4+ Qe5 10. Nxe5 0-0 11. Nxc6 bxc6 12. cxd4 Bb4+ 13. Bd2 Bxd2+ 14. Nxd2 Kh8 15. Bd3 g6 16. 0-0 Bf5 17. Qf3 Bxd3 18. Qxd3 Rfd8 19. Nf3 c5 20. Ng5 cxd4 21. Qh3 Kg7 22. Qxh7+ Kf6 23. f4 Rab8 24. Qxf7# 1-0